ბათუმის შოთა რუსთაველის სახელმწიფო უნივერსიტეტის ბიბლიოთეკა

მმართველობითი აღრიცხვა : თეორია და პრაქტიკა : (ბიბ.ჩანაწერი № 54816)

000 -ლიდერი
ფიქსირებული სიგრძის საკონტროლო ველი 01729nam a2200289Ia 4500
001 - საკონტროლო ნომერი
საკონტროლო ველი 21885
003 - საკონტროლო ნომრის იდენტიფიკატორი
საკონტროლო ველი GE_BSU
005 - ბოლო ოპერაციის თარიღი და დრო
საკონტროლო ველი 20211209145939.0
008 - ფიქსირებული სიგრძის მონაცემთა ელემენტები - ზოგადი ინფორმაცია
ფიქსირებული სიგრძის საკონტროლო ველი 181216s2016ge xx |||||||||||||| ||geo||
020 ## - წიგნის საერთაშორისო სტანდარტული ნომერი
International Standard Book Number 9789941252563
040 ## - კატალოგიზაციის წყარო
Transcribing agency GE_BSU
041 ## - ენის კოდი
Language code of text/sound track or separate title geo
080 ## - უნივერსალური ათობითი კლასიფიკაციის ინდექსი
Universal Decimal Classification number 657(075.8) ჭ-46
100 ## - მთავარი ჩანაწერი - პიროვნების სახელი
Personal name ჭილაძე, იზოლდა.
9 (RLIN) 13244
245 ## - ცნობა სათაურის შესახებ
Title მმართველობითი აღრიცხვა : თეორია და პრაქტიკა :
Remainder of title სახელმძღვანელო /
Statement of responsibility, etc იზოლდა ჭილაძე ; რედ : ნანა სრესელი; ზეინაბ გოგრიჭიანი.
250 ## - გამოცემის ცნობა
Edition statement მე-4 გადამუშავებული გამოცემა.
264 ## - წარმოების, გამოცემის, დისტრიბუციის და სხვა ცნობები
გამოცემის, წარმოების, დისტრიბუციის... ადგილი თბილისი :
გამოცემის, წარმოების, დისტრიბუციის... სახელწოდება მერიდიანი,
გამოცემის, წარმოების, დისტრიბუციის... თარიღი 2016
300 ## - ფიზიკური აღწერა
Extent 286 გვ:.
Other physical details ცხრ;
Dimensions 28 სმ.
501 ## - შენიშვნა თანმხლებ მასალაზე
With note გამოყენებული ტერმინების ქართულ-ინგლისური ლექსიკონი: გვ. 276-284.
504 ## - BIBLIOGRAPHY, ETC. NOTE
Bibliography, etc ბიბლიოგრაფია ბიბლიოგრ. გვ:285
653 ## - INDEX TERM--UNCONTROLLED
Uncontrolled term ბუღალტერია
653 ## - INDEX TERM--UNCONTROLLED
Uncontrolled term ბუღალტრული აღრიცხვა სახელმძღვანელოები.
653 ## - INDEX TERM--UNCONTROLLED
Uncontrolled term მმართველობითი აღრიცხვა : თეორია და პრაქტიკა : სახელმძღვანელო
700 ## - ADDED ENTRY--PERSONAL NAME
Personal name სრესელი, ნანა
Relator term რედაქტორი
9 (RLIN) 13252
700 ## - ADDED ENTRY--PERSONAL NAME
Personal name გოგრიჭიანი, ზეინაბ
Relator term რედაქტორი
9 (RLIN) 13245
942 ## - ADDED ENTRY ELEMENTS (KOHA)
Koha item type წიგნი
Source of classification or shelving scheme
ეგზემპლარები
ჩამოწერის სტატუსი დაკარგული ეგზემპლარის სტატუსი კლასიფიკაციის წყარო ან თაროზე გაწყობის სქემა დაზიანების სტატუსი არ გაიცემა მუდმივი მდებარეობა (დაცვის ადგილი) ამჟამინდელი ადგილსამყოფელი თაროზე განთავსების ადგილი შეძენის თარიღი ღირებულება, შესყიდვის ნორმალური ფასი სრული შენახვის შიფრი შტრიხკოდი ბოლო ოპერაციის თარიღი ეგზემპლარის მიმდევრობითი ნომერი (კეტერი?) ფასის ძალაში შესვლის თარიღი ეგზემპლარის სახეობა საჯარო შენიშვნა
          ბათუმის შოთა რუსთაველის სახელმწიფო უნივერსიტეტის მთავარი ბიბლიოთეკა ბათუმის შოთა რუსთაველის სახელმწიფო უნივერსიტეტის მთავარი ბიბლიოთეკა წიგნსაცავი 2018-12-17 19.00 657(075.8) ჭ-46 56547 2018-12-17 56547 2018-12-17 წიგნი 19.00
          ბათუმის შოთა რუსთაველის სახელმწიფო უნივერსიტეტის მთავარი ბიბლიოთეკა ბათუმის შოთა რუსთაველის სახელმწიფო უნივერსიტეტის მთავარი ბიბლიოთეკა წიგნსაცავი 2018-12-17 19.00 657(075.8) ჭ-46 56548 2018-12-17 56548 2018-12-17 წიგნი 19.00
          ბათუმის შოთა რუსთაველის სახელმწიფო უნივერსიტეტის მთავარი ბიბლიოთეკა ბათუმის შოთა რუსთაველის სახელმწიფო უნივერსიტეტის მთავარი ბიბლიოთეკა წიგნსაცავი 2018-12-17 19.00 657(075.8) ჭ-46 56549 2018-12-17 56549 2018-12-17 წიგნი 19.00
          ბათუმის შოთა რუსთაველის სახელმწიფო უნივერსიტეტის მთავარი ბიბლიოთეკა ბათუმის შოთა რუსთაველის სახელმწიფო უნივერსიტეტის მთავარი ბიბლიოთეკა წიგნსაცავი 2018-12-17 19.00 657(075.8) ჭ-46 56550 2018-12-17 56550 2018-12-17 წიგნი 19.00
          ბათუმის შოთა რუსთაველის სახელმწიფო უნივერსიტეტის მთავარი ბიბლიოთეკა ბათუმის შოთა რუსთაველის სახელმწიფო უნივერსიტეტის მთავარი ბიბლიოთეკა წიგნსაცავი 2018-12-17 19.00 657(075.8) ჭ-46 56551 2018-12-17 56551 2018-12-17 წიგნი 19.00
          ბათუმის შოთა რუსთაველის სახელმწიფო უნივერსიტეტის მთავარი ბიბლიოთეკა ბათუმის შოთა რუსთაველის სახელმწიფო უნივერსიტეტის მთავარი ბიბლიოთეკა წიგნსაცავი 2018-12-17 19.00 657(075.8) ჭ-46 56552 2018-12-17 56552 2018-12-17 წიგნი 19.00
          ბათუმის შოთა რუსთაველის სახელმწიფო უნივერსიტეტის მთავარი ბიბლიოთეკა ბათუმის შოთა რუსთაველის სახელმწიფო უნივერსიტეტის მთავარი ბიბლიოთეკა წიგნსაცავი 2018-12-17 19.00 657(075.8) ჭ-46 56553 2018-12-17 56553 2018-12-17 წიგნი 19.00
          ბათუმის შოთა რუსთაველის სახელმწიფო უნივერსიტეტის მთავარი ბიბლიოთეკა ბათუმის შოთა რუსთაველის სახელმწიფო უნივერსიტეტის მთავარი ბიბლიოთეკა წიგნსაცავი 2018-12-17 19.00 657(075.8) ჭ-46 56554 2018-12-17 56554 2018-12-17 წიგნი 19.00
          ბათუმის შოთა რუსთაველის სახელმწიფო უნივერსიტეტის მთავარი ბიბლიოთეკა ბათუმის შოთა რუსთაველის სახელმწიფო უნივერსიტეტის მთავარი ბიბლიოთეკა წიგნსაცავი 2018-12-17 19.00 657(075.8) ჭ-46 56555 2018-12-17 56555 2018-12-17 წიგნი 19.00
          ბათუმის შოთა რუსთაველის სახელმწიფო უნივერსიტეტის მთავარი ბიბლიოთეკა ბათუმის შოთა რუსთაველის სახელმწიფო უნივერსიტეტის მთავარი ბიბლიოთეკა წიგნსაცავი 2018-12-17 19.00 657(075.8) ჭ-46 56556 2018-12-17 56556 2018-12-17 წიგნი 19.00